Strategie v podnikové praxi
Guardado en:
| Autor principal: | |
|---|---|
| Formato: | Libro |
| Lenguaje: | checo |
| Publicado: |
Praha
PROFESSIONAL PUBLISHING
2003
|
| Materias: | |
| Etiquetas: |
Sin Etiquetas, Sea el primero en etiquetar este registro!
|
MARC
| LEADER | 00000nam$a2200000$$$4500 | ||
|---|---|---|---|
| 001 | 0002257 | ||
| 005 | 20240306141657.9 | ||
| 020 | |a 80-86419-41-X | ||
| 041 | 0 | |a cze | |
| 044 | |a CZ | ||
| 245 | 1 | 0 | |a Strategie v podnikové praxi |c Filip Šmída |
| 264 | 1 | |a Praha |b PROFESSIONAL PUBLISHING |c 2003 | |
| 300 | |a 219 s. | ||
| 610 | 2 | 0 | |a stratégia podniková |
| 610 | 2 | 0 | |a politika podnikania |
| 610 | 2 | 0 | |a konkurencia |
| 610 | 2 | 0 | |a výhody konkurenčné |
| 610 | 2 | 0 | |a podnikanie |
| 610 | 2 | 0 | |a podnik |
| 100 | 1 | |a Šmída, Filip | |